Datum a čas kvízu
32.5
Celkem bodů
Celkový počet nahraných bodů na tomto kvízu bez doplňovacích otázek.
3.
Pořadí na kvízu
Konečné umístění týmu na tomto kvízu.
Zaznamenané odpovědi
| # | Otázka | Odpověď | Body | Výsledky |
|---|---|---|---|---|
| 1. | Ve kterém českém městě se minu... | v Plzni | 1 | |
| 2. | Ve které zemi byl minulý týden... | v Číně | 0 | |
| 3. | Jedna televizní stanice ukonči... | MTV | 0 | |
| 4. | Který ostrovní stát zavedl jak... | Island | 1 | |
| 5. | Který známý americký herec a k... | Will Ferrell | 0 | |
| 6. | Mezi nejúspěšnější sourozence... | 2008; 2012 | 0 | |
| 7. | Pouhých 65 setin sekundy od me... | Petr; Martin | 1 | |
| 8. | Opomenout v tomto tématu nesmí... | 7,5 km; 6 km | 1 | |
| 9. | Nyní bude vaším úkolem uhodnou... | v plavání | 1 | |
| 10. | Na závěr se podíváme na krasob... | B) USA | 0 |